<?xml version="1.0" encoding="UTF-8"?>
<collection xmlns="http://www.loc.gov/MARC21/slim">
    <record>
        <controlfield tag="001">66107</controlfield>
        <controlfield tag="005">20180223094425.0</controlfield>
        <datafield tag="037" ind1=" " ind2=" ">
            <subfield code="a">GDOC-2016-26308</subfield>
        </datafield>
        <datafield tag="041" ind1=" " ind2=" ">
            <subfield code="a">spa</subfield>
        </datafield>
        <datafield tag="100" ind1=" " ind2=" ">
            <subfield code="0">(orcid)0000-0002-3957-2466</subfield>
            <subfield code="1">387552</subfield>
            <subfield code="a">Sanagustín Fons, María Victoria</subfield>
        </datafield>
        <datafield tag="245" ind1="0" ind2="0">
            <subfield code="9">26308</subfield>
            <subfield code="a">Sociología de la actividad física y el deporte</subfield>
        </datafield>
        <datafield tag="242" ind1="0" ind2="0">
            <subfield code="9">26308</subfield>
            <subfield code="a">Sociology of physical activity and sport</subfield>
        </datafield>
        <datafield tag="260" ind1=" " ind2=" ">
            <subfield code="a">Zaragoza</subfield>
            <subfield code="b">Universidad de Zaragoza</subfield>
            <subfield code="c">2016-2017</subfield>
        </datafield>
        <datafield tag="520" ind1=" " ind2=" ">
            <subfield code="a">Breve presentación de la asignatura
La asignatura introduce al alumnado en el análisis de la realidad social del fenómeno deportivo. Supone una aproximación al conocimiento de los distintos elementos que intervienen en las relaciones sociales y a las herramientas que nos permiten analizar esas relaciones y sus consecuencias. De esta forma, el alumnado puede situar la actividad social y el deporte en un escenario concreto y comprender su vinculación con la historia, la economía, la política, y otras circunstancias que intervienen en la dinámica social.</subfield>
            <subfield code="b"> </subfield>
        </datafield>
        <datafield tag="521" ind1=" " ind2=" ">
            <subfield code="9">113</subfield>
            <subfield code="a">Ciencias de la Actividad Física y del Deporte</subfield>
        </datafield>
        <datafield tag="540" ind1=" " ind2=" ">
            <subfield code="a">by-nc-sa</subfield>
            <subfield code="b">Creative Commons</subfield>
            <subfield code="c">3.0</subfield>
            <subfield code="u">http://creativecommons.org/licenses/by-nc-sa/3.0/</subfield>
        </datafield>
        <datafield tag="830" ind1=" " ind2=" ">
            <subfield code="9">295</subfield>
        </datafield>
        <datafield tag="856" ind1="4" ind2=" ">
            <subfield code="s">19796</subfield>
            <subfield code="u">http://zaguan.unizar.es/record/66107/files/guia-26308-es.pdf</subfield>
            <subfield code="y">Guía (idioma español)</subfield>
        </datafield>
        <datafield tag="856" ind1="4" ind2=" ">
            <subfield code="s">8373</subfield>
            <subfield code="u">http://zaguan.unizar.es/record/66107/files/guia-26308-en.pdf</subfield>
            <subfield code="y">Guide (english)</subfield>
        </datafield>
        <datafield tag="970" ind1=" " ind2=" ">
            <subfield code="a">GDOC-2016-26308</subfield>
        </datafield>
        <datafield tag="980" ind1=" " ind2=" ">
            <subfield code="a">GDOC</subfield>
            <subfield code="b">Ciencias sociales y jurídicas</subfield>
            <subfield code="c">229</subfield>
        </datafield>
    </record>

    
</collection>